| 000 | 00408nam a22001577a 4500 | ||
|---|---|---|---|
| 003 | macl | ||
| 005 | 20241019154300.0 | ||
| 008 | 241019b |||||||| |||| 00| 0 eng d | ||
| 040 | _cmacl | ||
| 082 | _a954 | ||
| 100 |
_a Barnwal,Mahesh kumar _982586 |
||
| 245 | _aA Brief History of India [The Gist of NCERT] VI to XII | ||
| 260 |
_a Delhi _b Cosmos Pub. 2023 |
||
| 650 | _aHistory | ||
| 942 |
_2ddc _cC. BOOKS |
||
| 999 |
_c67194 _d67194 |
||